[Event "Wch Seniors 65 29th"]
[Site "Bucharest"]
[Date "2019.11.16"]
[Round "5"]
[White "Marcovici, Adrian"]
[Black "Bjarnason, Saevar"]
[Result "0-1"]
[WhiteElo "1921"]
[BlackElo "2085"]
[PlyCount "79"]
[EventDate "2019.11.12"]
[EventType "swiss"]
[EventRounds "11"]
[EventCountry "ROU"]
[SourceTitle "CBM 193 Extra"]
[Source "ChessBase"]
[SourceDate "2020.01.31"]
[SourceVersion "1"]
[SourceVersionDate "2020.01.31"]
[SourceQuality "1"]

1. e4 c5 2. Nf3 Nc6 3. d4 cxd4 4. Nxd4 g6 5. Nc3 Bg7 6. Nde2 Nf6 7. g3 d6 8. Bg2 0-0 9. 0-0 Bd7 10. h3 Rc8 11. Nd5 Nxd5 12. exd5 Ne5 13. Nd4 a6 14. a4 Qb6 15. c3 Nc4 16. Nb3 Qc7 17. Re1 Rfe8 18. Nd4 b5 19. axb5 axb5 20. Ne2 Ra8 21. Rxa8 Rxa8 22. Nd4 Bf6 23. Nc2 Rc8 24. Nb4 Kg7 25. g4 h6 26. Qb3 Ra8 27. Be3 Nxe3 28. fxe3 Qb6 29. Nc2 Qc5 30. Bf1 e6 31. dxe6 fxe6 32. Nd4 Qe5 33. Bg2 Rf8 34. Qc2 Qg3 35. Nf3 Bc6 36. Qf2 Qxf2+ 37. Kxf2 Bh4+ 38. Kg1 Bxf3 39. Ra1 Bxg2 40. Kxg2 0-1

[Event "ISL-chT1 1920"]
[Site "Reykjavik"]
[Date "2019.10.05"]
[Round "4.3"]
[White "Bjarnason, Saevar"]
[Black "Ornolfsson, Magnus P"]
[Result "0-1"]
[WhiteElo "2092"]
[BlackElo "2194"]
[PlyCount "76"]
[EventDate "2019.10.03"]
[EventType "team-tourn"]
[EventRounds "9"]
[EventCountry "ISL"]
[SourceTitle "CBM 195 Extra"]
[Source "ChessBase"]
[SourceDate "2020.05.31"]
[SourceVersion "1"]
[SourceVersionDate "2020.05.31"]
[SourceQuality "1"]
[WhiteTeam "Taflfelag Reykjavikur II"]
[BlackTeam "Breidjablik Bolungarvik"]
[WhiteTeamCountry "ISL"]
[BlackTeamCountry "ISL"]

1. e4 e5 2. f4 d5 3. exd5 exf4 4. Nf3 Nf6 5. Nc3 Nxd5 6. Bc4 Qe7+ 7. Kf1 Nb6 8. Bb3 Nc6 9. d4 Bg4 10. Bxf4 0-0-0 11. d5 Qb4 12. Ne2 Qe4 13. Kf2 Bc5+ 14. Kg3 Bxf3 15. gxf3 Qg6+ 16. Kh3 Nxd5 17. Bxd5 Qf5+ 18. Kg2 Rxd5 19. Ng3 Qd7 20. Qf1 g5 21. c4 gxf4 22. cxd5 Qxd5 23. Rd1 Qg5 24. Qc4 Bd6 25. Rd5 Qg6 26. Re1 fxg3 27. h4 Qf6 28. Re2 Rg8 29. Qe4 h6 30. Rf5 Qd4 31. Rxf7 Qxe4 32. Rxe4 b5 33. Rh7 Ne5 34. Rxh6 Nxf3 35. Rh5 Nd2 36. Rd4 Nc4 37. Rxb5 Ne3+ 38. Kg1 Rf8 0-1

[Event "Reykjavik Icelandic op"]
[Site "Reykjavik"]
[Date "2018.06.03"]
[Round "4"]
[White "Briem, Stephan"]
[Black "Bjarnason, Saevar"]
[Result "1-0"]
[WhiteElo "1957"]
[BlackElo "2109"]
[PlyCount "119"]
[EventDate "2018.06.01"]
[EventType "swiss"]
[EventRounds "10"]
[EventCountry "ISL"]
[SourceTitle "CBM 184 Extra"]
[Source "ChessBase"]
[SourceDate "2018.06.28"]
[SourceVersion "1"]
[SourceVersionDate "2018.06.28"]
[SourceQuality "1"]

1. d4 Nf6 2. c4 c5 3. d5 e6 4. Nf3 exd5 5. cxd5 d6 6. Nc3 g6 7. e4 Bg7 8. h3 0-0 9. Bd3 a6 10. a4 Nbd7 11. 0-0 Re8 12. Re1 Rb8 13. Bf4 Qc7 14. Nd2 Ne5 15. Bxe5 Rxe5 16. Nc4 Re8 17. a5 Nd7 18. Na4 Ne5 19. Nab6 Bd7 20. f4 Nxc4 21. Nxc4 Bb5 22. Ra2 Bd4+ 23. Kh1 Qe7 24. Qe2 Kg7 25. Nd2 Qf6 26. Rf1 Bd7 27. Nc4 Qe7 28. Qf3 f5 29. exf5 gxf5 30. b3 Qf6 31. g3 Re7 32. Rg2 Kh8 33. Qh5 Rbe8 34. g4 Re1 35. Rxe1 Rxe1+ 36. Kh2 Bg1+ 37. Rxg1 Rxg1 38. Kxg1 Qd4+ 39. Kg2 Qxd5+ 40. Kf2 Qxd3 41. Qf7 Qd4+ 42. Kg3 Qg7 43. Qxg7+ Kxg7 44. Nxd6 fxg4 45. hxg4 Bc6 46. f5 Bd5 47. Nc4 Kf6 48. Kf4 h6 49. Nd2 Kf7 50. Ke5 Bg2 51. Nc4 Ke7 52. f6+ Kd7 53. Ne3 Bf3 54. Nf5 Ke8 55. Nxh6 Bd1 56. g5 Bc2 57. Kd6 Bxb3 58. g6 c4 59. f7+ Kf8 60. g7+ 1-0

[Event "ISL-ch sf"]
[Site "Kopavogur"]
[Date "2014.05.29"]
[Round "6"]
[White "Johannsdottir, Johanna Bjorg"]
[Black "Bjarnason, Saevar"]
[Result "1/2-1/2"]
[WhiteElo "1856"]
[BlackElo "2075"]
[PlyCount "122"]
[EventDate "2014.05.23"]
[EventType "swiss"]
[EventRounds "9"]
[EventCountry "ISL"]
[SourceTitle "CBM 160 Extra"]
[Source "ChessBase"]
[SourceDate "2014.07.01"]
[SourceVersion "1"]
[SourceVersionDate "2014.07.01"]
[SourceQuality "1"]

1. e4 g6 2. d4 Bg7 3. Nf3 d6 4. c3 Nf6 5. Nbd2 0-0 6. Bd3 Nc6 7. 0-0 e5 8. dxe5 dxe5 9. Nc4 Re8 10. h3 h6 11. Qc2 Nh5 12. Re1 Be6 13. Be3 Qf6 14. Nh2 Nf4 15. Bxf4 Qxf4 16. Re3 Qg5 17. Rg3 Qe7 18. Ne3 Rad8 19. Bc4 Bxc4 20. Nxc4 Qe6 21. Ne3 Ne7 22. h4 Rd6 23. b3 Red8 24. Nc4 R6d7 25. h5 b5 26. Ne3 Qc6 27. hxg6 fxg6 28. Nf3 g5 29. Re1 Ng6 30. Nf5 Qe6 31. Re2 Nf4 32. Re1 c6 33. c4 b4 34. Re3 Qf6 35. c5 Qe6 36. Ne1 Rd2 37. Qc4 Qxc4 38. bxc4 Ne2+ 39. Rxe2 Rxe2 40. Nd3 Rxa2 41. Nxb4 Rd1+ 42. Kh2 Raa1 43. Rf3 g4 44. Ne7+ Kh7 45. Rf5 a5 46. Nbxc6 a4 47. Nxe5 Bxe5+ 48. Rxe5 Rac1 49. Nd5 a3 50. Re7+ Kg6 51. Ra7 Rh1+ 52. Kg3 Rxc4 53. c6 h5 54. Kf4 Re1 55. c7 Rexe4+ 56. Kg3 Re5 57. Ra5 Kg5 58. f4+ gxf3 59. gxf3 Rxd5 60. Rxd5+ Kg6 61. Ra5 Rxc7 1/2-1/2

[Event "ISL-chT 1314"]
[Site "Reykjavik"]
[Date "2013.10.12"]
[Round "3.2"]
[White "Dziuba, Marcin"]
[Black "Bjarnason, Saevar"]
[Result "1-0"]
[WhiteElo "2586"]
[BlackElo "2097"]
[PlyCount "171"]
[EventDate "2013.10.10"]
[EventType "team-tourn"]
[EventRounds "9"]
[EventCountry "ISL"]
[SourceTitle "EXT 2014"]
[Source "ChessBase"]
[SourceDate "2013.11.20"]
[SourceVersion "1"]
[SourceVersionDate "2013.11.20"]
[SourceQuality "1"]
[WhiteTeam "Vikingaklubburinn"]
[BlackTeam "Vinaskakfelagid"]
[WhiteTeamCountry "ISL"]
[BlackTeamCountry "ISL"]

1. d4 Nf6 2. c4 g6 3. Nc3 Bg7 4. e4 d6 5. h3 0-0 6. Bg5 Na6 7. Bd3 e5 8. d5 c5 9. Nge2 Bd7 10. a3 Nc7 11. b4 b6 12. Rb1 h6 13. Be3 Qe7 14. Qd2 Kh7 15. 0-0 a6 16. Rb2 Ng8 17. Bc2 f5 18. exf5 gxf5 19. bxc5 bxc5 20. Rb7 Bc8 21. Rb6 Kh8 22. f3 Ne8 23. f4 e4 24. Ba4 Nef6 25. Rfb1 Nh5 26. Nd1 Ngf6 27. Bf2 Re8 28. Ne3 Bf8 29. Bc6 Ra7 30. Rb8 Rc7 31. Kh1 Qg7 32. g3 Be7 33. Bb7 Qg6 34. Bxc8 Rcxc8 35. Rxc8 Rxc8 36. Qa5 Ng7 37. Qxa6 Rg8 38. Qb7 Bf8 39. a4 Qh5 40. Ng1 Ng4 41. Nxg4 fxg4 42. Qb2 gxh3 43. Kh2 Kh7 44. Qe2 Qg6 45. Rb7 Kh8 46. Qb2 e3 47. Bxe3 Qe4 48. Qe2 Nf5 49. Bc1 Qg2+ 50. Qxg2 hxg2 51. Bb2+ Bg7 52. Bxg7+ Nxg7 53. Rb3 Nf5 54. a5 Ra8 55. Ra3 Nd4 56. Kxg2 Nc2 57. Ra4 Ne1+ 58. Kf1 Nd3 59. a6 Nb2 60. Ra2 Nxc4 61. Ne2 Ne3+ 62. Ke1 Nxd5 63. Rd2 Nb4 64. Rxd6 Rxa6 65. Rd7 Rc6 66. Nc3 c4 67. Ke2 Re6+ 68. Kd2 Rg6 69. Ne4 Rg7 70. Rd6 Re7 71. Nc3 Kg7 72. f5 Rc7 73. Rg6+ Kh7 74. g4 Rd7+ 75. Ke2 Nd5 76. Nxd5 Rxd5 77. Rc6 Rd4 78. Kf3 Rd3+ 79. Ke4 Ra3 80. Rc7+ Kg8 81. f6 Rg3 82. Kf4 Rg1 83. Kf5 Kf8 84. Rxc4 Kf7 85. Rc7+ Kf8 86. Rh7 1-0

[Event "ISL-ch op"]
[Site "Reykjavik"]
[Date "2013.06.08"]
[Round "10"]
[White "Bjarnason, Saevar"]
[Black "Hauksdottir, Hrund"]
[Result "1-0"]
[WhiteElo "2130"]
[BlackElo "1680"]
[PlyCount "81"]
[EventDate "2013.05.31"]
[EventType "swiss"]
[EventRounds "10"]
[EventCountry "ISL"]
[SourceTitle "CBM 154 Extra"]
[Source "ChessBase"]
[SourceDate "2013.06.25"]
[SourceVersion "2"]
[SourceVersionDate "2013.06.25"]
[SourceQuality "1"]

1. d4 d5 2. c4 e6 3. Nf3 Nf6 4. Nc3 Be7 5. Bg5 Nbd7 6. Rc1 0-0 7. e3 c6 8. Bd3 b6 9. cxd5 exd5 10. 0-0 Bb7 11. a3 Re8 12. b4 Rc8 13. Qb3 h6 14. Bh4 g5 15. Bg3 Nh5 16. b5 Nxg3 17. hxg3 g4 18. Nd2 Nf6 19. bxc6 Bxc6 20. Nb5 Qd7 21. a4 h5 22. Qb1 Ne4 23. Nxe4 dxe4 24. Be2 h4 25. gxh4 Bxh4 26. g3 Bg5 27. Kg2 Kg7 28. Rh1 Rh8 29. Rxh8 Rxh8 30. Nxa7 Bxa4 31. Qxb6 Qf5 32. Qc5 Qg6 33. Rh1 Rxh1 34. Kxh1 Qh5+ 35. Kg1 Qh6 36. d5 Qf6 37. Bxg4 Qa1+ 38. Kg2 Bd1 39. Bxd1 Qxd1 40. Qd4+ Qxd4 41. exd4 1-0

[Event "ISL-ch op"]
[Site "Reykjavik"]
[Date "2013.06.07"]
[Round "9"]
[White "Bjarnason, Saevar"]
[Black "Johannsdottir, Johanna Bjorg"]
[Result "0-1"]
[WhiteElo "2130"]
[BlackElo "1890"]
[PlyCount "42"]
[EventDate "2013.05.31"]
[EventType "swiss"]
[EventRounds "10"]
[EventCountry "ISL"]
[SourceTitle "CBM 154 Extra"]
[Source "ChessBase"]
[SourceDate "2013.06.25"]
[SourceVersion "2"]
[SourceVersionDate "2013.06.25"]
[SourceQuality "1"]

1. e4 c5 2. Nf3 g6 3. d4 cxd4 4. Nxd4 Nc6 5. Nc3 Bg7 6. Be3 Nf6 7. Bc4 0-0 8. Bb3 a5 9. a3 a4 10. Ba2 d6 11. f3 Qb6 12. Ncb5 e5 13. Nf5 Qxb5 14. Nxg7 Kxg7 15. Qd2 Ng8 16. 0-0-0 Na5 17. g4 Ra6 18. h4 Be6 19. Bxe6 fxe6 20. h5 Nc4 21. Qc3 Rxf3 0-1

[Event "Reykjavik op"]
[Site "Reykjavik"]
[Date "2013.02.22"]
[Round "5"]
[White "Bjarnason, Saevar"]
[Black "Mammadova, Gulnar Marfat Qizi"]
[Result "1/2-1/2"]
[WhiteElo "2133"]
[BlackElo "2369"]
[PlyCount "111"]
[EventDate "2013.02.19"]
[EventType "swiss"]
[EventRounds "10"]
[EventCountry "ISL"]
[SourceTitle "CBM 153 Extra"]
[Source "ChessBase"]
[SourceDate "2013.04.22"]
[SourceVersion "1"]
[SourceVersionDate "2013.04.22"]
[SourceQuality "1"]

1. e4 e6 2. d4 d5 3. Nc3 Bb4 4. Nge2 Nf6 5. e5 Nfd7 6. a3 Be7 7. Be3 c5 8. f4 Nc6 9. dxc5 Nxc5 10. g3 0-0 11. Bg2 Nd7 12. 0-0 f6 13. exf6 Nxf6 14. h3 Rb8 15. f5 exf5 16. Nxd5 Be6 17. Nef4 Bf7 18. c4 Ne4 19. Nxe7+ Qxe7 20. Nd5 Qe6 21. Kh2 Rbd8 22. Qe1 Qe5 23. b4 Bxd5 24. cxd5 Rxd5 25. Bf4 Qb2 26. Rb1 Qxa3 27. g4 Rdd8 28. gxf5 Nf6 29. Rf3 Qa2 30. Rf2 Qf7 31. Qe6 Qxe6 32. fxe6 Rfe8 33. b5 Nd4 34. Bxb7 Rxe6 35. Rd1 Ne4 36. Rff1 Re7 37. Bc6 g5 38. Bc1 Nxc6 39. bxc6 Rxd1 40. Rxd1 Rc7 41. Be3 Rxc6 42. Bxa7 Rc2+ 43. Kg1 Kf7 44. Be3 Kg6 45. Rd4 Ng3 46. Rd5 Nf5 47. Bf2 h6 48. Rc5 Rd2 49. Ra5 Rd6 50. Rb5 h5 51. Rb6 Rf6 52. Rxf6+ Kxf6 53. Kg2 Nd6 54. Kf3 Kf5 55. Bb6 Ne4 56. Bc7 1/2-1/2

[Event "Reykjavik op"]
[Site "Reykjavik"]
[Date "2013.02.20"]
[Round "3"]
[White "Bjarnason, Saevar"]
[Black "Eliasson, Kristjan Orn"]
[Result "1/2-1/2"]
[WhiteElo "2133"]
[BlackElo "1873"]
[PlyCount "47"]
[EventDate "2013.02.19"]
[EventType "swiss"]
[EventRounds "10"]
[EventCountry "ISL"]
[SourceTitle "CBM 153 Extra"]
[Source "ChessBase"]
[SourceDate "2013.04.22"]
[SourceVersion "1"]
[SourceVersionDate "2013.04.22"]
[SourceQuality "1"]

1. e4 g6 2. d4 Bg7 3. c4 d6 4. Nc3 Nf6 5. Be2 c6 6. Nf3 0-0 7. 0-0 Bg4 8. Bg5 h6 9. Be3 Bxf3 10. Bxf3 Nbd7 11. Qd2 Kh7 12. Be2 e5 13. d5 c5 14. g3 Qe7 15. Bd3 Ng4 16. f3 Nxe3 17. Qxe3 h5 18. Kh1 Bh6 19. Qe2 h4 20. f4 hxg3 21. hxg3 exf4 22. gxf4 Rh8 23. Kg2 Kg7 24. Qf3 1/2-1/2

[Event "Reykjavik op"]
[Site "Reykjavik"]
[Date "2012.03.11"]
[Round "6"]
[White "Bjarnason, Saevar"]
[Black "Doggers, Peter"]
[Result "1/2-1/2"]
[WhiteElo "2092"]
[BlackElo "2265"]
[PlyCount "121"]
[EventDate "2012.03.06"]
[EventType "swiss"]
[EventRounds "9"]
[EventCountry "ISL"]
[SourceTitle "CBM 147 Extra"]
[Source "ChessBase"]
[SourceDate "2012.04.24"]
[SourceVersion "1"]
[SourceVersionDate "2012.04.24"]
[SourceQuality "1"]

1. d4 Nf6 2. c4 g6 3. Nc3 d5 4. cxd5 Nxd5 5. e4 Nxc3 6. bxc3 Bg7 7. Nf3 c5 8. Be2 Nc6 9. Be3 Bg4 10. e5 Qa5 11. 0-0 0-0 12. Qb3 Rab8 13. Rfd1 cxd4 14. cxd4 Qb4 15. Rab1 Qxb3 16. Rxb3 Rfd8 17. Kf1 Be6 18. Rb2 f6 19. exf6 exf6 20. Rc1 g5 21. Bc4 Kf7 22. d5 Rxd5 23. Bxd5 Bxd5 24. Nd4 Ne5 25. Rc7+ Kg6 26. Rbc2 Rd8 27. f3 h5 28. Nb3 b5 29. Nd2 a5 30. Bb6 Re8 31. Bf2 Nc4 32. Nxc4 Bxc4+ 33. Kg1 Rd8 34. Be1 a4 35. Bd2 Bf8 36. Rc6 h4 37. Bc3 Rd1+ 38. Kf2 Bd6 39. g3 hxg3+ 40. hxg3 Be7 41. g4 Bd5 42. Rc8 b4 43. Be1 b3 44. axb3 axb3 45. Rd2 Rxe1 46. Kxe1 Bb4 47. Rb8 Bxd2+ 48. Kxd2 Bxf3 49. Rxb3 Bxg4 50. Ke3 f5 51. Rb4 Kh5 52. Kf2 f4 53. Rb6 Bd1 54. Rf6 Kh4 55. Rh6+ Kg4 56. Rh8 Bc2 57. Rg8 Bb3 58. Rb8 Be6 59. Rb6 Bf5 60. Rb5 Be4 61. Re5 1/2-1/2

[Event "Reykjavik-ch"]
[Site "Reykjavik"]
[Date "2012.01.27"]
[Round "9"]
[White "Bjarnason, Saevar"]
[Black "Ragnarsson, Dagur"]
[Result "0-1"]
[WhiteElo "2118"]
[BlackElo "1826"]
[PlyCount "108"]
[EventDate "2012.01.08"]
[EventType "swiss"]
[EventRounds "9"]
[EventCountry "ISL"]
[SourceTitle "EXT 2014"]
[Source "ChessBase"]
[SourceDate "2013.11.20"]
[SourceVersion "1"]
[SourceVersionDate "2013.11.20"]
[SourceQuality "1"]

1. e4 e6 2. d4 d5 3. Nd2 c5 4. Ngf3 Nc6 5. Bb5 Qb6 6. Qe2 Nf6 7. exd5 Nxd5 8. Nc4 Qc7 9. Nce5 Bd6 10. c4 Nde7 11. dxc5 Bxc5 12. 0-0 0-0 13. Bf4 Qb6 14. Rad1 f6 15. Nxc6 bxc6 16. Ba4 e5 17. Bc1 Be6 18. Bc2 Rad8 19. b3 Bf5 20. Bb2 Bxc2 21. Qxc2 Ng6 22. g3 Rfe8 23. Rfe1 Rxd1 24. Rxd1 e4 25. Nd4 e3 26. fxe3 Rxe3 27. Kg2 Qb7 28. Nf5 Re8 29. Bd4 Bxd4 30. Nd6 Qa8 31. Rxd4 c5+ 32. Rd5 Re5 33. Kg1 Rxd5 34. cxd5 Qxd5 35. Ne4 Ne5 36. Nxc5 Ng4 37. Qc4 Qxc4 38. bxc4 Ne3 39. Kf2 Nxc4 40. Ke2 Ne5 41. h3 Kf7 42. Ke3 Ke7 43. Ke4 Kd6 44. Nb3 Nf7 45. h4 g6 46. Nd4 f5+ 47. Kf4 a6 48. h5 Kd5 49. hxg6 hxg6 50. Nb3 Nd6 51. Kg5 Ne4+ 52. Kxg6 Nxg3 53. Kg5 Ke5 54. Nc5 Ne4+ 0-1

[Event "Reykjavik-ch"]
[Site "Reykjavik"]
[Date "2012.01.25"]
[Round "8"]
[White "Johannesson, Ingvar Thor"]
[Black "Bjarnason, Saevar"]
[Result "1-0"]
[WhiteElo "2337"]
[BlackElo "2118"]
[PlyCount "69"]
[EventDate "2012.01.08"]
[EventType "swiss"]
[EventRounds "9"]
[EventCountry "ISL"]
[SourceTitle "EXT 2014"]
[Source "ChessBase"]
[SourceDate "2013.11.20"]
[SourceVersion "1"]
[SourceVersionDate "2013.11.20"]
[SourceQuality "1"]

1. d4 Nf6 2. c4 e6 3. Nc3 Bb4 4. f3 d5 5. a3 Be7 6. e4 c5 7. cxd5 exd5 8. e5 Nfd7 9. f4 Nb6 10. Nf3 Bf5 11. dxc5 Bxc5 12. b4 Be7 13. Nd4 Be4 14. Bb5+ Kf8 15. 0-0 a5 16. f5 h5 17. f6 gxf6 18. exf6 Bd6 19. Nxe4 dxe4 20. Bf4 Nd5 21. Bc4 Nxf4 22. Rxf4 Nc6 23. Rxe4 axb4 24. axb4 Rxa1 25. Qxa1 Bxb4 26. Nf3 Bc5+ 27. Kh1 Rg8 28. h3 Rg6 29. Rf4 Qb8 30. Rf5 Qg3 31. Qa8+ Nb8 32. Qa2 Qc7 33. Ne5 Rh6 34. Nxf7 Rg6 35. Ng5 1-0

[Event "Reykjavik-ch"]
[Site "Reykjavik"]
[Date "2012.01.13"]
[Round "3"]
[White "Bjarnason, Saevar"]
[Black "Lee, Gudmundur Kristinn"]
[Result "1-0"]
[WhiteElo "2118"]
[BlackElo "1647"]
[PlyCount "78"]
[EventDate "2012.01.08"]
[EventType "swiss"]
[EventRounds "9"]
[EventCountry "ISL"]
[SourceTitle "EXT 2014"]
[Source "ChessBase"]
[SourceDate "2013.11.20"]
[SourceVersion "1"]
[SourceVersionDate "2013.11.20"]
[SourceQuality "1"]

1. d4 d5 2. c4 c6 3. Nc3 g6 4. Nf3 Bg7 5. Bf4 Nf6 6. e3 0-0 7. Bd3 Be6 8. b3 Nh5 9. Bg5 f5 10. 0-0 Nf6 11. Rc1 Nbd7 12. Ne5 Nxe5 13. dxe5 Ng4 14. cxd5 Bxd5 15. Nxd5 cxd5 16. h3 Nxe5 17. Rc5 Qd6 18. Rxd5 Qa3 19. Bb1 Nf7 20. Bh4 Qb4 21. Bg3 e6 22. Rd7 e5 23. Qd5 Rad8 24. Qxb7 Qxb7 25. Rxb7 a6 26. b4 Rb8 27. Rxb8 Rxb8 28. a3 Kf8 29. f3 Ke7 30. Rc1 Kd7 31. Bd3 Rb6 32. Rc5 Rd6 33. Bc4 f4 34. Bf2 Rd1+ 35. Kh2 Nd6 36. Bxa6 Bf8 37. a4 Rd2 38. Kg1 Rd1+ 39. Bf1 Ra1 1-0

[Event "Reykjavik-ch"]
[Site "Reykjavik"]
[Date "2012.01.11"]
[Round "2"]
[White "Finnbogadottir, Tinna Kristin"]
[Black "Bjarnason, Saevar"]
[Result "1-0"]
[WhiteElo "1805"]
[BlackElo "2118"]
[PlyCount "65"]
[EventDate "2012.01.08"]
[EventType "swiss"]
[EventRounds "9"]
[EventCountry "ISL"]
[SourceTitle "EXT 2014"]
[Source "ChessBase"]
[SourceDate "2013.11.20"]
[SourceVersion "1"]
[SourceVersionDate "2013.11.20"]
[SourceQuality "1"]

1. e4 c5 2. c3 Nf6 3. e5 Nd5 4. d4 cxd4 5. Nf3 d6 6. exd6 Qxd6 7. Nxd4 a6 8. Na3 e6 9. Nc4 Qc7 10. Be2 Be7 11. 0-0 0-0 12. Ne3 Nxe3 13. Bxe3 e5 14. Nf3 Nc6 15. Bd3 Bg4 16. Be4 f5 17. Bxc6 bxc6 18. Qb3+ Kh8 19. Ng5 f4 20. Bb6 Qb7 21. Nf7+ Rxf7 22. Qxf7 Rf8 23. Qb3 f3 24. Rfe1 fxg2 25. Rxe5 Qd7 26. Rae1 Bd6 27. R5e4 Bxh2+ 28. Kxh2 Qd6+ 29. f4 Qh6+ 30. Kxg2 Qh3+ 31. Kf2 Qf3+ 32. Kg1 Qg3+ 33. Kf1 1-0